[Event "Titled Tuesday intern op 23rd Apr Late"]
[Site "Chess.com INT"]
[Date "2024.04.23"]
[Round "11"]
[White "Montano Vicente, Guadalupe"]
[Black "Reinecke, Katharina"]
[Result "1/2-1/2"]
[WhiteElo "1819"]
[BlackElo "1962"]
[PlyCount "92"]
[EventDate "2024.04.23"]
[EventType "swiss (blitz)"]
[EventRounds "11"]
[EventCountry "USA"]
[SourceTitle "CB18_2024"]
[SourceDate "2024.05.01"]
[SourceVersion "1"]
[SourceVersionDate "2024.05.01"]
[SourceQuality "2"]

1. d4 c6 2. c4 d5 3. cxd5 cxd5 4. Nc3 Nc6 5. Bf4 Nf6 6. e3 a6 7. Bd3 e6 8. Rc1 Bd6 9. Bxd6 Qxd6 10. f4 0-0 11. Nf3 b5 12. Ne5 Bb7 13. 0-0 Na5 14. Qe2 Nc4 15. Kh1 Ne4 16. Nxe4 dxe4 17. Bxc4 bxc4 18. Qxc4 Rac8 19. Qb3 Bd5 20. Qa4 f6 21. Nd7 Bc6 22. Rxc6 Qxc6 23. Qxc6 Rxc6 24. Nxf8 Kxf8 25. Kg1 Rc2 26. Rb1 Re2 27. a4 Rxe3 28. b4 Ra3 29. b5 axb5 30. axb5 Ra8 31. b6 Rb8 32. g4 f5 33. gxf5 exf5 34. Kf2 Ke7 35. Ke3 Kd6 36. Rb5 g6 37. Rb4 Kc6 38. b7 Rxb7 39. Rxb7 Kxb7 40. d5 Kc7 41. Kd4 Kd6 42. h4 h6 43. Kc4 Kc7 44. Kd4 Kd6 45. Kc4 Kd7 46. Kd4 Kd6 1/2-1/2

[Event "Titled Tuesday intern op 16th Apr Late"]
[Site "Chess.com INT"]
[Date "2024.04.16"]
[Round "4"]
[White "Montano Vicente, Guadalupe"]
[Black "Boor, Carl Brandon"]
[Result "1-0"]
[WhiteElo "1819"]
[BlackElo "2231"]
[PlyCount "63"]
[EventDate "2024.04.16"]
[EventType "swiss (blitz)"]
[EventRounds "11"]
[EventCountry "USA"]
[SourceTitle "CB17_2024"]
[SourceDate "2024.04.24"]
[SourceVersion "1"]
[SourceVersionDate "2024.04.24"]
[SourceQuality "1"]

1. d4 Nf6 2. c4 e6 3. Nf3 c5 4. d5 b5 5. cxb5 a6 6. dxe6 fxe6 7. e3 Bb7 8. Nc3 d5 9. bxa6 Bxa6 10. Bxa6 Rxa6 11. 0-0 Nc6 12. Ng5 Qd7 13. Rb1 Bd6 14. Qe2 Rb6 15. Bd2 0-0 16. Na4 Rb7 17. Rfc1 c4 18. e4 Nd4 19. Qe3 Bxh2+ 20. Kh1 Qxa4 21. Qxd4 Bd6 22. e5 Ne4 23. exd6 Nxf2+ 24. Kg1 Nd3 25. Rf1 Qd7 26. Bc3 e5 27. Qh4 h6 28. Nf3 e4 29. Ne5 Qxd6 30. Nxd3 cxd3 31. Qg4 Rxf1+ 32. Rxf1 1-0

[Event "Titled Tuesday intern op 02nd Apr Late"]
[Site "Chess.com INT"]
[Date "2024.04.02"]
[Round "9"]
[White "Akhayan, Ruben"]
[Black "Montano Vicente, Guadalupe"]
[Result "1-0"]
[WhiteElo "2260"]
[BlackElo "1819"]
[PlyCount "29"]
[EventDate "2024.04.02"]
[EventType "swiss (blitz)"]
[EventRounds "11"]
[EventCountry "USA"]
[SourceTitle "CB15_2024"]
[SourceDate "2024.04.10"]
[SourceVersion "1"]
[SourceVersionDate "2024.04.10"]
[SourceQuality "1"]

1. e4 c5 2. Nf3 d6 3. d4 cxd4 4. Nxd4 Nf6 5. Nc3 a6 6. Bc4 b5 7. Bb3 e6 8. 0-0 Be7 9. f4 0-0 10. e5 dxe5 11. fxe5 Nd5 12. Qh5 Nxc3 13. bxc3 Bb7 14. Rxf7 g6 15. Qxh7# 1-0

[Event "Titled Tuesday intern op 02nd Apr Early"]
[Site "Chess.com INT"]
[Date "2024.04.02"]
[Round "6"]
[White "Montano Vicente, Guadalupe"]
[Black "Yelisieiev, Yevhenii"]
[Result "0-1"]
[WhiteElo "1819"]
[BlackElo "2403"]
[PlyCount "92"]
[EventDate "2024.04.02"]
[EventType "swiss (blitz)"]
[EventRounds "11"]
[EventCountry "USA"]
[SourceTitle "CB15_2024"]
[SourceDate "2024.04.10"]
[SourceVersion "1"]
[SourceVersionDate "2024.04.10"]
[SourceQuality "1"]

1. d4 d6 2. c4 e5 3. e3 Nf6 4. Nc3 Be7 5. Bd3 0-0 6. Nge2 c6 7. 0-0 Re8 8. Qc2 Bf8 9. Rd1 Qc7 10. dxe5 dxe5 11. Bf5 Nbd7 12. b3 g6 13. Bh3 Nc5 14. Bxc8 Raxc8 15. Bb2 Rcd8 16. Ng3 a5 17. a3 Bg7 18. b4 axb4 19. axb4 Na6 20. Qb3 Bf8 21. b5 Nc5 22. Qc2 Bg7 23. Ba3 Ne6 24. Rab1 Qa5 25. Bb4 Qc7 26. c5 Rxd1+ 27. Rxd1 Rd8 28. b6 Rxd1+ 29. Qxd1 Qd7 30. Qc2 Nd5 31. Nxd5 Qxd5 32. Ne4 Nd8 33. h3 f5 34. Nd6 Bf8 35. e4 fxe4 36. Nxe4 Be7 37. Kh2 Ne6 38. f3 Nd4 39. Qc3 Qa2 40. Qd2 Qb1 41. Qe1 Qc2 42. Qd2 Qc4 43. Qc3 Qe2 44. Kg3 Nf5+ 45. Kh2 Ne3 46. Qb3+ Kg7 0-1

[Event "Titled Tuesday intern op 02nd Apr Early"]
[Site "Chess.com INT"]
[Date "2024.04.02"]
[Round "5"]
[White "Novak, Ratko"]
[Black "Montano Vicente, Guadalupe"]
[Result "1-0"]
[WhiteElo "2034"]
[BlackElo "1819"]
[PlyCount "99"]
[EventDate "2024.04.02"]
[EventType "swiss (blitz)"]
[EventRounds "11"]
[EventCountry "USA"]
[SourceTitle "CB15_2024"]
[SourceDate "2024.04.10"]
[SourceVersion "1"]
[SourceVersionDate "2024.04.10"]
[SourceQuality "1"]

1. d4 Nf6 2. c4 g6 3. Nc3 Bg7 4. e4 d6 5. f3 0-0 6. Be3 c5 7. dxc5 dxc5 8. Qxd8 Rxd8 9. Bxc5 Nc6 10. Nd5 e6 11. Ne7+ Nxe7 12. Bxe7 Rd7 13. Ba3 b6 14. Rd1 Rxd1+ 15. Kxd1 Bb7 16. b3 Rd8+ 17. Kc2 Nxe4 18. Nh3 Rd2+ 19. Kb1 Nc3+ 20. Kc1 Rd7 21. Kc2 Nxa2 22. Bd3 Bf8 23. Bxf8 Kxf8 24. Be2 Nb4+ 25. Kc3 a5 26. Nf2 f5 27. h4 Kg7 28. h5 h6 29. hxg6 Kxg6 30. Nh3 e5 31. Re1 Kf6 32. Bf1 Rd6 33. Nf2 Rd7 34. Be2 Rg7 35. g4 Bc8 36. Rd1 Ke7 37. Rh1 Rg6 38. Rh5 fxg4 39. Rxe5+ Kd6 40. Rb5 Kc7 41. fxg4 Bd7 42. Re5 Kd6 43. Rh5 Rf6 44. Ne4+ Ke7 45. Nxf6 Kxf6 46. Rxh6+ Kg5 47. Rxb6 Bxg4 48. Bxg4 Kxg4 49. Rb5 Kf3 50. Rxa5 1-0

[Event "Titled Tuesday intern op 16th Jan Late"]
[Site "Chess.com INT"]
[Date "2024.01.16"]
[Round "10"]
[White "Montano Vicente, Guadalupe"]
[Black "Hubbard, Andrew"]
[Result "1/2-1/2"]
[WhiteElo "1690"]
[BlackElo "2140"]
[PlyCount "209"]
[EventDate "2024.01.16"]
[EventType "swiss (blitz)"]
[EventRounds "11"]
[EventCountry "USA"]
[SourceTitle "CB04_2024"]
[SourceDate "2023.10.16"]
[SourceVersion "1"]
[SourceVersionDate "2023.10.16"]
[SourceQuality "1"]

1. d4 Nf6 2. c4 e6 3. Nf3 b6 4. Nc3 Bb4 5. Bd2 Bb7 6. g3 c5 7. dxc5 bxc5 8. Bg2 Nc6 9. 0-0 0-0 10. a3 Ba5 11. Nb5 d5 12. cxd5 exd5 13. Rc1 Bb6 14. Re1 Ne4 15. Qc2 Ba6 16. Nc3 Nxd2 17. Qxd2 Bc4 18. Red1 Bb3 19. Rf1 Re8 20. Qg5 h6 21. Qxd8 Raxd8 22. e3 Na5 23. Nd2 d4 24. exd4 cxd4 25. Nce4 Bd5 26. Rfe1 Nb7 27. b4 a5 28. Rb1 a4 29. Rec1 f5 30. Nc5 Bxg2 31. Kxg2 Nd6 32. Nc4 Bc7 33. Nxd6 Bxd6 34. Rd1 Bc7 35. Rbc1 Bb8 36. Rc4 Be5 37. Nd3 Bf6 38. Nc5 Re2 39. Rd3 f4 40. Kf3 Ra2 41. gxf4 Rf8 42. Kg2 Rf7 43. Rg3 Kh7 44. Rf3 Be7 45. f5 Bd6 46. h3 g6 47. Rxd4 Bxc5 48. bxc5 Rxf5 49. Rxf5 gxf5 50. Rxa4 Kg6 51. Ra6+ Kg5 52. Ra4 Rc2 53. Ra5 Kf4 54. a4 Rc4 55. Rb5 Rxa4 56. Rb6 Rc4 57. Rxh6 Rxc5 58. Rh4+ Kg5 59. Rb4 Kg6 60. h4 Rc3 61. f3 Kh5 62. Kg3 Kg6 63. Rf4 Rc6 64. Rd4 Kf6 65. Rd8 Ke5 66. Rg8 Kf6 67. h5 Rc1 68. Rg6+ Kf7 69. Kf4 Rc5 70. Kg5 f4+ 71. Kg4 Rc4 72. Rg5 Kf6 73. Rf5+ Ke6 74. Rxf4 Rc1 75. Re4+ Kf6 76. Kf4 Kg7 77. Re5 Kf6 78. Rf5+ Ke6 79. Ra5 Rg1 80. Ke4 Kf6 81. f4 Re1+ 82. Kf3 Rh1 83. Kg2 Rh4 84. Kg3 Rh1 85. Ra6+ Kg7 86. Kg4 Rg1+ 87. Kf5 Rh1 88. h6+ Kh7 89. Kg5 Rg1+ 90. Kf5 Rh1 91. Rg6 Rc1 92. Re6 Rc5+ 93. Kg4 Rc1 94. f5 Rg1+ 95. Kf4 Rf1+ 96. Ke5 Re1+ 97. Kd6 Rd1+ 98. Ke7 Rf1 99. Rf6 Re1+ 100. Re6 Rf1 101. f6 Kxh6 102. f7+ Kg7 103. f8Q+ Rxf8 104. Rg6+ Kxg6 105. Kxf8 1/2-1/2

[Event "Titled Tuesday intern op 16th Jan Late"]
[Site "Chess.com INT"]
[Date "2024.01.16"]
[Round "5"]
[White "Montano Vicente, Guadalupe"]
[Black "Khodabandeh, Milad"]
[Result "0-1"]
[WhiteElo "1690"]
[BlackElo "1936"]
[PlyCount "116"]
[EventDate "2024.01.16"]
[EventType "swiss (blitz)"]
[EventRounds "11"]
[EventCountry "USA"]
[SourceTitle "CB04_2024"]
[SourceDate "2023.10.16"]
[SourceVersion "1"]
[SourceVersionDate "2023.10.16"]
[SourceQuality "1"]

1. d4 d5 2. c4 c6 3. cxd5 cxd5 4. Nc3 Nf6 5. Bf4 Nc6 6. e3 a6 7. Nf3 Bg4 8. Be2 e6 9. h3 Bh5 10. 0-0 Rc8 11. Rc1 Bd6 12. Bxd6 Qxd6 13. Re1 0-0 14. Qc2 b5 15. Qb1 Rc7 16. Red1 Rfc8 17. e4 dxe4 18. Nxe4 Nxe4 19. Qxe4 Bxf3 20. Bxf3 Nxd4 21. Rxc7 Nxf3+ 22. Qxf3 Qxc7 23. Qd3 g6 24. Qd6 Qxd6 25. Rxd6 Rc1+ 26. Kh2 Rc2 27. Rxa6 Rxf2 28. b3 Kg7 29. Ra5 b4 30. Ra4 h5 31. Rxb4 Rxa2 32. Rb8 Kf6 33. Kg3 h4+ 34. Kf3 g5 35. b4 Rb2 36. b5 Ke5 37. b6 f5 38. b7 Rb3+ 39. Kf2 g4 40. hxg4 fxg4 41. Rh8 g3+ 42. Ke2 Rxb7 43. Rxh4 Rb3 44. Ra4 Kf5 45. Ra8 e5 46. Ra4 Rc3 47. Rh4 Ra3 48. Rh8 Kf4 49. Rf8+ Ke4 50. Rb8 Ra2+ 51. Kf1 Rf2+ 52. Kg1 Ke3 53. Rb3+ Kf4 54. Rb4+ e4 55. Rb8 Rc2 56. Rf8+ Ke3 57. Rf1 Kd2 58. Ra1 e3 0-1

[Event "Titled Tuesday intern op 16th Jan Late"]
[Site "Chess.com INT"]
[Date "2024.01.16"]
[Round "8"]
[White "Montano Vicente, Guadalupe"]
[Black "Rian, Kapriaga"]
[Result "0-1"]
[WhiteElo "1690"]
[BlackElo "2089"]
[PlyCount "60"]
[EventDate "2024.01.16"]
[EventType "swiss (blitz)"]
[EventRounds "11"]
[EventCountry "USA"]
[SourceTitle "CB04_2024"]
[SourceDate "2023.10.16"]
[SourceVersion "1"]
[SourceVersionDate "2023.10.16"]
[SourceQuality "1"]

1. d4 Nf6 2. c4 e6 3. Nf3 d5 4. Nc3 Be7 5. cxd5 exd5 6. Bg5 h6 7. Bh4 0-0 8. e3 c6 9. Qc2 Re8 10. Bd3 Ne4 11. Bxe7 Qxe7 12. 0-0 Bf5 13. Nd2 Nxd2 14. Qxd2 Bxd3 15. Qxd3 Nd7 16. Rab1 a5 17. Rfc1 Qg5 18. h3 Re6 19. Rc2 Rae8 20. Nd1 Rg6 21. f4 Qg3 22. Kh1 Nf6 23. Qf1 Ne4 24. Re2 Nd6 25. b4 axb4 26. Rxb4 b5 27. Rb3 Ne4 28. Qf3 Qxf3 29. gxf3 Ng3+ 30. Kh2 Nxe2 0-1

[Event "Wch U14 Girls"]
[Site "Montesilvano"]
[Date "2023.11.24"]
[Round "11"]
[White "Orazalina, Nursulu"]
[Black "Montano Vicente, Guadalupe"]
[Result "0-1"]
[WhiteElo "1428"]
[BlackElo "1794"]
[PlyCount "86"]
[EventDate "2023.11.13"]
[EventType "swiss"]
[EventRounds "11"]
[EventCountry "ITA"]
[SourceTitle "CB48_2023"]
[SourceDate "2023.11.29"]
[SourceVersion "1"]
[SourceVersionDate "2023.11.29"]
[SourceQuality "1"]

1. e4 c5 2. Nf3 d6 3. d4 cxd4 4. Nxd4 Nf6 5. Nc3 a6 6. f3 e5 7. Nb3 Be6 8. Be3 h5 9. Qd2 Nbd7 10. 0-0-0 Rc8 11. g3 b5 12. Qf2 Qc7 13. Nd5 Nxd5 14. exd5 Bf5 15. Bd3 Bxd3 16. Rxd3 b4 17. f4 a5 18. Kb1 a4 19. Nc1 Be7 20. Re1 0-0 21. Re2 Bf6 22. Qf3 Rfe8 23. Rdd2 Ra8 24. Bf2 a3 25. bxa3 Rxa3 26. Rd3 Ra4 27. Qxh5 e4 28. Rb3 Nc5 29. Bxc5 Qxc5 30. g4 Qd4 31. c3 bxc3 32. Rc2 g6 33. Qh3 Qxd5 34. f5 e3 35. fxg6 fxg6 36. Qf1 Bg7 37. Qe2 Rf4 38. Nd3 Rf7 39. h3 Qh1+ 40. Rc1 Qf3 41. Qh2 Qc6 42. Qe2 Qd5 43. Rd1 Qf3 0-1

[Event "Wch U14 Girls"]
[Site "Montesilvano"]
[Date "2023.11.21"]
[Round "8"]
[White "Montano Vicente, Guadalupe"]
[Black "Rice, Leah"]
[Result "0-1"]
[WhiteElo "1794"]
[BlackElo "1499"]
[PlyCount "86"]
[EventDate "2023.11.13"]
[EventType "swiss"]
[EventRounds "11"]
[EventCountry "ITA"]
[SourceTitle "CB48_2023"]
[SourceDate "2023.11.29"]
[SourceVersion "1"]
[SourceVersionDate "2023.11.29"]
[SourceQuality "1"]

1. d4 d5 2. c4 c6 3. cxd5 cxd5 4. Nc3 Nc6 5. Bf4 Nf6 6. e3 a6 7. Bd3 Bg4 8. Qb3 Nh5 9. Bg3 Nxg3 10. hxg3 e5 11. Qxd5 exd4 12. Qe4+ Be6 13. exd4 Qxd4 14. Nge2 Qb6 15. 0-0 0-0-0 16. Nf4 Kb8 17. Rab1 Bd6 18. Nxe6 fxe6 19. Na4 Qb4 20. a3 Qxe4 21. Bxe4 Nd4 22. Rfe1 Ka7 23. Rbd1 e5 24. Nc3 Rc8 25. Rd3 h6 26. Bd5 Rhf8 27. Re4 Rc7 28. Re1 Rc5 29. f4 Rcc8 30. fxe5 Bc5 31. Kh2 Rf5 32. e6 Rh5+ 33. Kg1 Nf3+ 34. Kf1 Rh1+ 35. Ke2 Nxe1 36. Rd1 Rg1 37. Rxe1 Rxe1+ 38. Kxe1 Bxa3 39. bxa3 Rxc3 40. Kd2 Rc5 41. Bb3 Rg5 42. Bc4 b5 43. Ba2 Kb6 0-1